| 000 | 00440nam a2200157Ia 4500 | ||
|---|---|---|---|
| 005 | 20250411021521.0 | ||
| 008 | 240331s9999 xx 000 0 und d | ||
| 020 | _a9789551274665 | ||
| 082 |
_bSEL _a891 |
||
| 245 | 0 |
_aSanhidiyawa sandahaa liviima : _b write to reconcile |
|
| 260 |
_aColombo _b National Peace Council of Sri Lanka _c2014 |
||
| 300 | _a375 p ., | ||
| 650 | _aShort Stories | ||
| 700 |
_aSelvadorai, Shyam. _eedt |
||
| 942 | _cL | ||
| 999 |
_c5858 _d5858 |
||